[Event "CAMPEONATO SUBZONAL 2.3.5"]
[Site "Duran"]
[Date "2012.03.08"]
[Round "6.11"]
[White "Harper, Ryan"]
[Black "Del Castilho, Martyn"]
[Result "1-0"]
[WhiteElo "2253"]
[BlackElo "2218"]
[PlyCount "61"]
[EventDate "2012.03.05"]

1. e4 c5 2. Nf3 e6 3. d4 cxd4 4. Nxd4 Nc6 5. Nb3 Nf6 6. Bd3 d5 7. exd5 exd5 8.
O-O Be7 9. Nc3 O-O 10. Bg5 Be6 11. Re1 Rc8 12. Nb5 Re8 13. N5d4 Bg4 14. Qd2 Qd7
15. h3 Be6 16. Qf4 Nh5 17. Qh4 Bxg5 18. Qxh5 h6 19. Nc5 g6 20. Bxg6 fxg6 21.
Qxg6+ Qg7 22. Qxg7+ Kxg7 23. Ndxe6+ Kf7 24. Nxg5+ hxg5 25. Nxb7 Rxe1+ 26. Rxe1
Rb8 27. Nd6+ Kf6 28. b3 Ne5 29. Re2 a6 30. g3 Rd8 31. Rxe5 1-0

[Event "CAMPEONATO SUBZONAL 2.3.5"]
[Site "Duran"]
[Date "2012.03.08"]
[Round "6.12"]
[White "Merritt, Mario"]
[Black "Meza Ponce, Jeison"]
[Result "1-0"]
[WhiteElo "2101"]
[BlackElo "2232"]
[PlyCount "81"]
[EventDate "2012.03.05"]

1. c4 Nf6 2. Nc3 g6 3. e4 d6 4. d4 Bg7 5. Be2 O-O 6. Bg5 h6 7. Be3 e5 8. d5 Ne8
9. Qd2 Kh7 10. h4 f5 11. f3 f4 12. Bf2 c5 13. Bd3 Nf6 14. Nge2 Nh5 15. O-O-O a6
16. Kb1 b5 17. cxb5 axb5 18. Bxb5 Bd7 19. Bc4 Na6 20. a3 Qb6 21. Kc2 Rfb8 22.
Rb1 Qa5 23. Ra1 Rb7 24. Rhb1 g5 25. hxg5 hxg5 26. g4 Nf6 27. Nc1 Nc7 28. Nd3
Kg6 29. Rh1 Be8 30. Bxc5 Nxg4 31. fxg4 dxc5 32. d6 Na6 33. Qh2 Ba4+ 34. Nxa4
Rh8 35. Qxh8 Bxh8 36. Rxh8 Qxa4+ 37. b3 Qa5 38. Rah1 Qb6 39. R1h6+ Kg7 40.
R8h7+ Kf8 41. Rf6+ 1-0

[Event "CAMPEONATO SUBZONAL 2.3.5"]
[Site "Duran"]
[Date "2012.03.08"]
[Round "6.13"]
[White "Joseph, Marcus"]
[Black "Crespo Hidalgo, Carlos"]
[Result "1-0"]
[WhiteElo "2198"]
[BlackElo "2038"]
[PlyCount "53"]
[EventDate "2012.03.05"]

1. e4 c6 2. d4 d5 3. e5 Bf5 4. Nf3 e6 5. Be2 Nd7 6. O-O h6 7. Nbd2 Ne7 8. Nb3
Qc7 9. a4 c5 10. Nxc5 Nxc5 11. dxc5 Nc6 12. Be3 a6 13. c3 Nxe5 14. Nxe5 Qxe5
15. a5 Qc7 16. Qa4+ Qd7 17. Qd4 Be7 18. Qxg7 O-O-O 19. Qxf7 h5 20. c6 bxc6 21.
Bxa6+ Kb8 22. Qg7 c5 23. Bb5 Qc7 24. Bf4 Qxf4 25. Qxe7 Rhg8 26. g3 Qf3 27. Bc6
1-0

[Event "CAMPEONATO SUBZONAL 2.3.5"]
[Site "Duran"]
[Date "2012.03.08"]
[Round "6.14"]
[White "De Mey, Juan Pablo"]
[Black "Bassan, Remo"]
[Result "0-1"]
[WhiteElo "1879"]
[BlackElo "2279"]
[PlyCount "64"]
[EventDate "2012.03.05"]

1. e4 Nf6 2. e5 Nd5 3. d4 d6 4. Nf3 dxe5 5. Nxe5 c6 6. Bc4 Nd7 7. Nf3 N7f6 8.
Bb3 Bg4 9. Be3 e6 10. O-O Be7 11. c4 Nb6 12. Nbd2 O-O 13. Re1 Qc7 14. h3 Bh5
15. g4 Bg6 16. Ne5 c5 17. Nxg6 hxg6 18. dxc5 Bxc5 19. Bxc5 Qxc5 20. Qf3 Rfd8
21. Ne4 Nxe4 22. Rxe4 Rd7 23. Rd1 Rad8 24. Rxd7 Rxd7 25. Qe2 Nc8 26. a3 Rd8 27.
Re3 Qd4 28. Re4 Qd6 29. Bc2 Qd2 30. b4 Qc1+ 31. Kg2 Rd2 32. Qe3 Qxc2 0-1

[Event "CAMPEONATO SUBZONAL 2.3.5"]
[Site "Duran"]
[Date "2012.03.08"]
[Round "6.15"]
[White "Matoewi, Roger"]
[Black "Olvera Urena, Yasser"]
[Result "0-1"]
[WhiteElo "2128"]
[BlackElo "1865"]
[PlyCount "88"]
[EventDate "2012.03.05"]

1. e4 c5 2. Nf3 d6 3. d4 cxd4 4. Nxd4 Nf6 5. Nc3 a6 6. a4 e5 7. Nb3 Be6 8. Be2
Be7 9. O-O O-O 10. Be3 Nc6 11. a5 Rc8 12. Bb6 Qd7 13. Bf3 Nb4 14. Re1 Bd8 15.
Be3 Bg4 16. Be2 Be6 17. Bf3 Bg4 18. Rc1 Bxf3 19. Qxf3 Qg4 20. Qxg4 Nxg4 21. Bd2
Be7 22. Nd5 Nxd5 23. exd5 Rc4 24. Bc3 f5 25. Rcd1 Nf6 26. f3 Rfc8 27. Re2 Bd8
28. Rdd2 Nd7 29. Rd1 Ra4 30. h3 Nc5 31. g4 Nxb3 32. cxb3 Ra2 33. Rg2 fxg4 34.
Rxg4 Bxa5 35. b4 Bb6+ 36. Kh1 Rf8 37. Rf1 a5 38. b5 Bd4 39. Rxd4 exd4 40. Bxd4
Rf5 41. Re1 Kf7 42. Rd1 Rxf3 43. Kg2 Rf5 44. b6 g6 0-1

[Event "CAMPEONATO SUBZONAL 2.3.5"]
[Site "Duran"]
[Date "2012.03.08"]
[Round "6.16"]
[White "Croes, Octavio"]
[Black "Moncada Russo, Bryan"]
[Result "0-1"]
[WhiteElo "1916"]
[BlackElo "1905"]
[PlyCount "90"]
[EventDate "2012.03.05"]

1. d4 d5 2. c4 e6 3. g3 Nf6 4. Nf3 Be7 5. Bg2 O-O 6. O-O dxc4 7. Qc2 c5 8. Qxc4
cxd4 9. Nxd4 e5 10. Nb5 Nc6 11. Qc3 a6 12. N5a3 Bb4 13. Qc2 Bg4 14. f3 Bh5 15.
Be3 Rc8 16. Qb3 Qd5 17. Rd1 Qxb3 18. axb3 Na5 19. Nd2 Bxd2 20. Bxd2 Nxb3 21.
Rab1 Nxd2 22. Rxd2 e4 23. Rbd1 Rfe8 24. Kf1 h6 25. Rd4 b5 26. fxe4 Bg6 27. Bh3
Rc5 28. Bf5 Bxf5 29. exf5 Rxf5+ 30. Rf4 Rxf4+ 31. gxf4 Re4 32. Rd8+ Kh7 33. Rd6
Rxf4+ 34. Ke1 b4 35. Nc2 a5 36. Ra6 Rc4 37. Ne3 Rc5 38. b3 Rc3 39. Nc4 Rxb3 40.
Rxa5 Ne4 41. Kd1 Rc3 42. Ne5 Rc7 43. Nd3 b3 44. Re5 Nf2+ 45. Nxf2 b2 0-1

[Event "CAMPEONATO SUBZONAL 2.3.5"]
[Site "Duran"]
[Date "2012.03.08"]
[Round "6.17"]
[White "Galls Aguirre, Jorge"]
[Black "Meza Ponce, Jerry"]
[Result "1/2-1/2"]
[WhiteElo "2034"]
[BlackElo "1986"]
[PlyCount "68"]
[EventDate "2012.03.05"]

1. Nf3 Nf6 2. c4 g6 3. Nc3 Bg7 4. e4 d6 5. d4 O-O 6. Be2 e5 7. d5 Nbd7 8. Be3
Ng4 9. Bg5 f6 10. Bh4 a6 11. O-O Qe8 12. Nd2 Nh6 13. Rc1 f5 14. f3 f4 15. b4
Nf7 16. Bf2 g5 17. c5 h5 18. cxd6 cxd6 19. h3 Kh8 20. Nc4 b5 21. Nb6 Nxb6 22.
Bxb6 Rg8 23. a4 Bd7 24. a5 Nh6 25. Kf2 Bf6 26. Rh1 Qg6 27. Ke1 Rac8 28. Kd2 Kg7
29. Qg1 g4 30. hxg4 hxg4 31. Qf2 Nf7 32. Na2 g3 33. Qf1 Ng5 34. Bd3 Be7 1/2-1/2

[Event "CAMPEONATO SUBZONAL 2.3.5"]
[Site "Duran"]
[Date "2012.03.08"]
[Round "6.18"]
[White "Azua Avila, Vicente"]
[Black "Treu, Auke"]
[Result "1/2-1/2"]
[WhiteElo "1875"]
[BlackElo "2121"]
[PlyCount "123"]
[EventDate "2012.03.05"]

1. b3 e5 2. Bb2 Nc6 3. c4 Nf6 4. g3 d5 5. Bg2 Be6 6. Nf3 Bd6 7. cxd5 Nxd5 8.
O-O O-O 9. e4 Nde7 10. d4 exd4 11. Nxd4 Be5 12. Nxe6 Qxd1 13. Rxd1 Bxb2 14.
Nxf8 Kxf8 15. Nc3 Bxa1 16. Rxa1 a6 17. Nd5 Nxd5 18. exd5 Nd4 19. Rd1 Nb5 20.
Rc1 Rc8 21. Kf1 f5 22. Ke2 Re8+ 23. Kd3 Re7 24. a4 Nd6 25. Rc2 Kf7 26. Kd4 g5
27. f3 Kf6 28. Bf1 h5 29. Bd3 Nf7 30. h4 gxh4 31. gxh4 Ne5 32. f4 Nf3+ 33. Kc3
Re3 34. Re2 Rxe2 35. Bxe2 Nxh4 36. Bxh5 Ng2 37. d6 c6 38. Kc4 Nxf4 39. Bf3 Ne6
40. Kb4 Ke5 41. Ka5 Kxd6 42. Kb6 Nd8 43. b4 Kd7 44. Bg2 f4 45. Bh3+ Kd6 46. Bg4
Ke7 47. Kc7 a5 48. bxa5 c5 49. Be2 Ke8 50. Kb6 Kd7 51. Kxc5 Kc7 52. Bf3 Nf7 53.
Kd4 Ng5 54. Bg2 f3 55. Bf1 Kd6 56. Ke3 Kc5 57. Kf4 Ne6+ 58. Kxf3 Kb4 59. a6
Nd4+ 60. Ke4 bxa6 61. Kxd4 Kxa4 62. Bxa6 1/2-1/2

[Event "CAMPEONATO SUBZONAL 2.3.5"]
[Site "Duran"]
[Date "2012.03.08"]
[Round "6.19"]
[White "Jerves Cordova, Carlos"]
[Black "Perdomo Araujo, Angel Edua"]
[Result "1-0"]
[WhiteElo "1844"]
[BlackElo "1913"]
[PlyCount "86"]
[EventDate "2012.03.05"]

1. e4 e6 2. d4 d5 3. Nc3 Bb4 4. e5 c5 5. a3 Bxc3+ 6. bxc3 Ne7 7. Nf3 Qc7 8. Bd3
h6 9. O-O b6 10. a4 Ba6 11. Ba3 Bxd3 12. cxd3 Nd7 13. Re1 O-O 14. Rc1 Rfd8 15.
Qe2 Nf8 16. c4 Qd7 17. Qd1 cxd4 18. Nxd4 Neg6 19. Bd6 dxc4 20. Rxc4 Rac8 21. g3
Rxc4 22. dxc4 Rc8 23. Qb3 Qd8 24. Nb5 a6 25. Na7 Ra8 26. Nc6 Qc8 27. Qf3 Nd7
28. h4 Qe8 29. h5 Ngf8 30. a5 Kh8 31. Qe3 Rc8 32. Ne7 Rxc4 33. axb6 Qa8 34. Bc7
a5 35. Rc1 Rb4 36. Nc6 Rb5 37. Qe2 Rb3 38. Qc4 a4 39. Qd4 a3 40. Na7 a2 41. Qa1
Qd5 42. Qxa2 Rxg3+ 43. fxg3 Qxa2 1-0

[Event "CAMPEONATO SUBZONAL 2.3.5"]
[Site "Duran"]
[Date "2012.03.08"]
[Round "6.20"]
[White "Zambrano Macias, Paolo"]
[Black "Guaranda Chancay, Edward"]
[Result "1-0"]
[WhiteElo "1815"]
[BlackElo "1625"]
[PlyCount "85"]
[EventDate "2012.03.05"]

1. g3 e6 2. Bg2 d5 3. d4 Nf6 4. Nf3 Be7 5. O-O O-O 6. c4 dxc4 7. Qa4 c6 8. Qxc4
Nbd7 9. b3 Nb6 10. Qc2 h6 11. Bb2 Qc7 12. Na3 a6 13. Rac1 Bd7 14. Rfd1 Rac8 15.
Ne5 Rfd8 16. Nb1 Bd6 17. a3 c5 18. Nd3 cxd4 19. Qd2 Qb8 20. Bxd4 Rxc1 21. Rxc1
Nbd5 22. e4 e5 23. Bc5 Bxc5 24. Rxc5 Nb6 25. Qc2 Re8 26. a4 Qd6 27. Nd2 Bc6 28.
Nc4 Nxc4 29. Qxc4 Nd7 30. Ra5 b6 31. Rxa6 Bb7 32. Ra7 Qb8 33. Rxb7 Qxb7 34. Qb5
Rd8 35. a5 Qa7 36. a6 Nc5 37. Nxc5 bxc5 38. Bf1 Rb8 39. Qc4 Rb4 40. Qd5 Qb6 41.
Bc4 Qa5 42. Qxf7+ Kh7 43. Be6 1-0

[Event "CAMPEONATO SUBZONAL 2.3.5"]
[Site "Duran"]
[Date "2012.03.09"]
[Round "7.1"]
[White "Ynojosa, Felix Jose"]
[Black "Infante, Miguel"]
[Result "1-0"]
[WhiteElo "2300"]
[BlackElo "2314"]
[PlyCount "49"]
[EventDate "2012.03.05"]

1. e4 e5 2. Nf3 Nc6 3. Bc4 Nf6 4. d3 Be7 5. c3 O-O 6. Bb3 d6 7. O-O Na5 8. Bc2
c5 9. Re1 Nc6 10. Nbd2 Be6 11. Nf1 Qc7 12. Ne3 Rad8 13. Qe2 h6 14. a3 Rfe8 15.
Ba4 a6 16. c4 Qa5 17. Bxc6 bxc6 18. b4 Qb6 19. Nc2 cxb4 20. axb4 Bc8 21. Bd2
Bf8 22. b5 Rd7 23. bxc6 Qxc6 24. Nb4 Qb6 25. Bc3 1-0

[Event "CAMPEONATO SUBZONAL 2.3.5"]
[Site "Duran"]
[Date "2012.03.09"]
[Round "7.2"]
[White "Guerra Tulcan, Lenin"]
[Black "Saltos Velez, Adrian"]
[Result "1-0"]
[WhiteElo "2421"]
[BlackElo "2152"]
[PlyCount "85"]
[EventDate "2012.03.05"]

1. e4 c5 2. Nf3 Nc6 3. d4 cxd4 4. Nxd4 g6 5. Nc3 Bg7 6. Nb3 Nf6 7. Be2 O-O 8.
O-O d6 9. Re1 Be6 10. Bg5 Rc8 11. Bf1 a6 12. h3 Na5 13. Nd5 Bxd5 14. exd5 Nc4
15. Bxc4 Rxc4 16. Qd3 b5 17. Nd2 Rc7 18. c3 h6 19. Bxf6 Bxf6 20. Ne4 Bg7 21. a4
Qd7 22. h4 bxa4 23. Qxa6 Ra7 24. Qd3 Rb8 25. h5 Rxb2 26. hxg6 fxg6 27. Ng3 Qg4
28. Re4 Qg5 29. f4 Qf6 30. Raxa4 Ra2 31. Rxa2 Rxa2 32. Qb1 Ra5 33. Ne2 Rxd5 34.
Qb3 Qf7 35. Rxe7 Qxe7 36. Qxd5+ Kh7 37. Kf2 Qf6 38. Kf3 g5 39. Qe4+ Qg6 40. f5
Qh5+ 41. g4 Qh3+ 42. Ng3 Be5 43. f6+ 1-0

[Event "CAMPEONATO SUBZONAL 2.3.5"]
[Site "Duran"]
[Date "2012.03.09"]
[Round "7.3"]
[White "Vazquez Reyes, Raul"]
[Black "Pazos Gambarrotti, Plinio"]
[Result "1/2-1/2"]
[WhiteElo "2302"]
[BlackElo "2267"]
[PlyCount "97"]
[EventDate "2012.03.05"]

1. e4 g6 2. d4 Bg7 3. Nc3 d6 4. Be3 a6 5. Qd2 b5 6. h4 h5 7. Nh3 Nd7 8. O-O-O
Bb7 9. Ng5 Ngf6 10. e5 dxe5 11. dxe5 Nxe5 12. Qxd8+ Rxd8 13. Rxd8+ Kxd8 14. Bd4
Nfg4 15. f4 Ke8 16. fxe5 Nxe5 17. Kb1 Kf8 18. Rg1 Ng4 19. Bxg7+ Kxg7 20. Be2
Rd8 21. Rf1 Ne5 22. g3 Bc8 23. Rd1 Rxd1+ 24. Nxd1 Bg4 25. Bxg4 hxg4 26. Ne3 c6
27. b4 f5 28. Ne6+ Kf6 29. Nc5 g5 30. hxg5+ Kxg5 31. Ne6+ Kf6 32. Nd4 e6 33.
Ng2 Nf3 34. Nxf3 gxf3 35. Ne3 Kg5 36. Kc1 f4 37. gxf4+ Kxf4 38. Kd2 e5 39. Nd1
e4 40. Ne3 Ke5 41. Nf1 c5 42. bxc5 Kd5 43. Ke3 Kxc5 44. Kxe4 Kb4 45. Kxf3 Ka3
46. Ke4 Kxa2 47. Kd3 b4 48. Ne3 b3 49. cxb3 1/2-1/2

[Event "CAMPEONATO SUBZONAL 2.3.5"]
[Site "Duran"]
[Date "2012.03.09"]
[Round "7.4"]
[White "Aucay Pelaez, Mauro"]
[Black "Puntier, William"]
[Result "0-1"]
[WhiteElo "2258"]
[BlackElo "2343"]
[PlyCount "82"]
[EventDate "2012.03.05"]

1. e4 c5 2. Nf3 d6 3. d4 cxd4 4. Nxd4 Nf6 5. Nc3 a6 6. Be3 e6 7. f3 b5 8. Qd2
b4 9. Na4 Nbd7 10. c4 bxc3 11. Nxc3 Bb7 12. Bc4 Qc7 13. Bb3 Rc8 14. Rc1 Qb8 15.
O-O Be7 16. Rfd1 O-O 17. Qf2 Nc5 18. Bc2 Rfe8 19. Nb3 Ncd7 20. Ba7 Qc7 21. Be3
Qb8 22. Bb1 Bd8 23. Ba7 Qa8 24. Rxd6 Ne5 25. Rdd1 Neg4 26. fxg4 Nxg4 27. Qg3
Qxa7+ 28. Nd4 Bg5 29. Qxg4 Bxc1 30. Rxc1 Qxd4+ 31. Kh1 Qd2 32. Rf1 Qxb2 33. Ne2
a5 34. e5 Qxe5 35. Ng3 f5 36. Qg5 Qf6 37. Qd2 Qd8 38. Qb2 Qd5 39. Nh5 Re7 40.
a3 Rec7 41. Ba2 Qxg2+ 0-1

[Event "CAMPEONATO SUBZONAL 2.3.5"]
[Site "Duran"]
[Date "2012.03.09"]
[Round "7.5"]
[White "Lopez, Jasel"]
[Black "Abreu Jean, Carlos Paul"]
[Result "1/2-1/2"]
[WhiteElo "2138"]
[BlackElo "2211"]
[PlyCount "83"]
[EventDate "2012.03.05"]

1. d4 d5 2. c4 c6 3. Nf3 Nf6 4. Nc3 e6 5. e3 Nbd7 6. Bd3 dxc4 7. Bxc4 b5 8. Bd3
Bb7 9. O-O a6 10. a4 b4 11. Nb1 c5 12. a5 Bd6 13. Nbd2 O-O 14. Qe2 Qc7 15. h3
e5 16. dxe5 Nxe5 17. Nxe5 Bxe5 18. Nc4 Qc6 19. f4 Bc7 20. b3 Rad8 21. Rd1 Rfe8
22. Bb2 Nd5 23. Qg4 g6 24. f5 Nxe3 25. fxg6 hxg6 26. Nxe3 Rxe3 27. Bc4 Rde8 28.
Rd5 Qxd5 29. Bxd5 Bxd5 30. Qg5 Be5 31. Qxe3 Bh2+ 32. Kf2 Rxe3 33. Kxe3 Bxb3 34.
Bf6 Kf8 35. Rb1 Be6 36. Rd1 Bc7 37. Rc1 c4 38. Kd4 Bd6 39. Rxc4 Bxc4 40. Kxc4
Ke8 41. g4 Kd7 42. Kd5 1/2-1/2

[Event "CAMPEONATO SUBZONAL 2.3.5"]
[Site "Duran"]
[Date "2012.03.09"]
[Round "7.6"]
[White "Martinez Reyes, Pedro Ramon"]
[Black "Palma Moscoso, Alvaro Dario"]
[Result "0-1"]
[WhiteElo "2200"]
[BlackElo "2126"]
[PlyCount "125"]
[EventDate "2012.03.05"]

1. e4 c5 2. Nf3 e6 3. Nc3 a6 4. d4 cxd4 5. Nxd4 d6 6. a4 b6 7. Be2 Bb7 8. f4
Nd7 9. Bf3 Ngf6 10. O-O Rc8 11. e5 Bxf3 12. Nxf3 dxe5 13. fxe5 Ng4 14. Qe2 Qc7
15. Qxa6 Be7 16. Bf4 Qc4 17. Qxc4 Rxc4 18. Bg3 Ne3 19. Rfc1 h5 20. Bf2 Ng4 21.
h3 Nxf2 22. Kxf2 Bc5+ 23. Ke2 Bb4 24. Na2 Be7 25. b3 Re4+ 26. Kd3 Nc5+ 27. Kd2
g5 28. Nc3 Rf4 29. Ke3 Nd7 30. Ne4 Rf5 31. a5 g4 32. a6 O-O 33. hxg4 hxg4 34.
Rd1 Bc5+ 35. Nxc5 Nxc5 36. a7 Ra8 37. Nd4 Rxe5+ 38. Kf4 Rd5 39. Nc6 Kg7 40.
Rxd5 exd5 41. Kxg4 Kf6 42. b4 Nd7 43. Re1 Rc8 44. b5 Ra8 45. Re7 Nc5 46. Rc7
Ke6 47. Nd4+ Kd6 48. Rxf7 Nd7 49. Nc6 Rxa7 50. Nxa7 Ne5+ 51. Kf5 Nxf7 52. g4 d4
53. g5 Kc5 54. Kf6 Nd6 55. g6 Kc4 56. g7 Ne8+ 57. Kf7 Nxg7 58. Kxg7 Kc3 59. Nc6
Kc4 60. Kf6 Kxb5 61. Nxd4+ Kc4 62. Ke5 Kb4 63. Kd5 0-1

[Event "CAMPEONATO SUBZONAL 2.3.5"]
[Site "Duran"]
[Date "2012.03.09"]
[Round "7.7"]
[White "Harper, Ryan"]
[Black "Munoz Sanchez, Jhon"]
[Result "0-1"]
[WhiteElo "2253"]
[BlackElo "2216"]
[PlyCount "136"]
[EventDate "2012.03.05"]

1. e4 c6 2. d4 d5 3. exd5 cxd5 4. c4 Nf6 5. Nc3 e6 6. Nf3 Be7 7. Bg5 O-O 8. Bd3
dxc4 9. Bxc4 Nc6 10. O-O a6 11. Bb3 b5 12. a3 Bb7 13. Qd3 Qd6 14. Bc2 g6 15.
Rad1 Rfd8 16. Ne4 Nxe4 17. Qxe4 Qd5 18. Qh4 Nxd4 19. Rxd4 Bxg5 20. Qh3 Qc5 21.
b4 Qe7 22. Rg4 Bf6 23. Nh4 Bg7 24. Re1 Qf6 25. Be4 Qc3 26. Nf3 Bxe4 27. Rgxe4
Rd3 28. Qh4 Rad8 29. h3 Rd1 30. Kh2 Qc7+ 31. g3 Rxe1 32. Rxe1 Rd3 33. Ng5 h6
34. Qe4 Qd6 35. Qa8+ Qd8 36. Qxd8+ Rxd8 37. Ne4 Rd3 38. Re3 Rd5 39. Re2 Bd4 40.
Rc2 Kg7 41. Kg2 Rd8 42. Rc6 Ra8 43. Rc7 Be5 44. Rb7 Bb2 45. Nd6 Bxa3 46. Nxf7
Bxb4 47. Ne5+ Kg8 48. Nxg6 Bc3 49. Ne7+ Kf8 50. Ng6+ Ke8 51. Nf4 Rc8 52. Rb6 e5
53. Ne2 Bd4 54. Rxa6 Rb8 55. Nxd4 exd4 56. Rxh6 Ke7 57. Rh4 Rd8 58. Kf1 Ke6 59.
Ke1 b4 60. Rh5 Rb8 61. Ra5 b3 62. Ra1 Kd5 63. f3 b2 64. Rb1 d3 65. Kd1 Kd4 66.
Kd2 Re8 67. Rxb2 Re2+ 68. Kc1 Kc3 0-1

[Event "CAMPEONATO SUBZONAL 2.3.5"]
[Site "Duran"]
[Date "2012.03.09"]
[Round "7.8"]
[White "Fernandez, Francis"]
[Black "Merritt, Mario"]
[Result "1-0"]
[WhiteElo "2315"]
[BlackElo "2101"]
[PlyCount "87"]
[EventDate "2012.03.05"]

1. d4 Nf6 2. c4 g6 3. Nc3 Bg7 4. e4 d6 5. f3 O-O 6. Be3 a6 7. Qd2 Nbd7 8. Bd3
c5 9. Nge2 b6 10. h4 h5 11. g4 Bb7 12. Ng3 hxg4 13. h5 cxd4 14. Bxd4 gxh5 15.
Qg5 e6 16. Nxh5 Nxh5 17. Qxh5 f6 18. Qxg4 Qe7 19. O-O-O Rf7 20. Rdg1 Qe8 21.
Qg6 Ne5 22. Bxe5 dxe5 23. Rh7 Qd7 24. Rgh1 Kf8 25. Rxg7 Rxg7 26. Rh8+ Ke7 27.
Qxg7+ Kd6 28. c5+ bxc5 29. Qxd7+ Kxd7 30. Rxa8 Bxa8 31. Bxa6 f5 32. Bc4 Ke7 33.
Kd2 Bc6 34. Ke2 Be8 35. Kf2 Bh5 36. a4 Be8 37. Bb5 Bh5 38. a5 Kd6 39. a6 Kc7
40. Na4 Bg6 41. Nxc5 Kb6 42. b4 fxe4 43. fxe4 Bh5 44. Kg3 1-0

[Event "CAMPEONATO SUBZONAL 2.3.5"]
[Site "Duran"]
[Date "2012.03.09"]
[Round "7.9"]
[White "Barros Rivadeneira, Cristhian"]
[Black "Joseph, Marcus"]
[Result "1-0"]
[WhiteElo "2122"]
[BlackElo "2198"]
[PlyCount "135"]
[EventDate "2012.03.05"]

1. c4 e5 2. Nc3 Nc6 3. g3 Nf6 4. Bg2 Bc5 5. d3 O-O 6. Nf3 h6 7. O-O d6 8. a3 a6
9. h3 Ba7 10. Kh2 Bf5 11. e3 Qd7 12. b4 Rae8 13. Bb2 Bh7 14. Rc1 Kh8 15. e4 Ng8
16. Nd5 Nd8 17. c5 c6 18. Ne3 Bb8 19. cxd6 Bxd6 20. Nc4 f6 21. d4 exd4 22. Qxd4
Nf7 23. Nxd6 Qxd6 24. Qxd6 Nxd6 25. e5 Ne4 26. exf6 Ngxf6 27. Ne5 Rd8 28. Kg1
Rd2 29. Nc4 Rdd8 30. Rfd1 Nd5 31. Bxe4 Bxe4 32. f4 Kg8 33. Be5 Rd7 34. Rd4 Bg6
35. Rcd1 Rfd8 36. g4 Be8 37. Kf2 Nc3 38. R1d3 Rxd4 39. Rxd4 Rxd4 40. Bxd4 Nb5
41. Bb2 Bf7 42. Ne5 Bd5 43. Ke3 Nd6 44. Kd4 Bg2 45. h4 h5 46. gxh5 b6 47. Nd7
Ne8 48. Ke5 Kf7 49. Bd4 a5 50. bxa5 bxa5 51. Nc5 Bf3 52. Nb3 a4 53. Na5 Nc7 54.
Bc5 Ne8 55. Nb7 Nf6 56. Nd8+ Ke8 57. Ne6 Nxh5 58. f5 Bd5 59. Nc7+ Kf7 60. Nxd5
cxd5 61. Be3 Ng3 62. Bf2 Ne4 63. Be1 g6 64. fxg6+ Kxg6 65. Kxd5 Kf5 66. Kc4 Kf4
67. Kb4 Kg4 68. Kxa4 1-0

[Event "CAMPEONATO SUBZONAL 2.3.5"]
[Site "Duran"]
[Date "2012.03.09"]
[Round "7.10"]
[White "Hernandez, Alexander"]
[Black "Zavarce, Oscar Enrique"]
[Result "0-1"]
[WhiteElo "2290"]
[BlackElo "2190"]
[PlyCount "156"]
[EventDate "2012.03.05"]

1. e4 c5 2. Nf3 e6 3. c3 Nf6 4. e5 Nd5 5. d4 cxd4 6. Qxd4 Nc6 7. Qe4 d6 8. exd6
Bxd6 9. Bb5 O-O 10. O-O Nf6 11. Qe2 h6 12. Nbd2 a6 13. Bxc6 bxc6 14. Nc4 Be7
15. Nfe5 Bb7 16. Rd1 Nd5 17. Qg4 Bf6 18. Be3 Qc7 19. Nd3 Nxe3 20. Nxe3 c5 21.
Qc4 Rac8 22. Qf4 Rfd8 23. Qxc7 Rxc7 24. Nf4 Rb8 25. Nh5 Be7 26. Rd2 g6 27. Nf4
Bc6 28. Rad1 Bf6 29. Nd3 Be4 30. Ng4 Bg7 31. Nf4 Rcb7 32. f3 Bf5 33. Rd8+ Rxd8
34. Rxd8+ Kh7 35. Rd2 h5 36. Ne3 Bh6 37. g3 e5 38. Nfg2 Be6 39. a3 h4 40. Kf2
hxg3+ 41. hxg3 Kg7 42. f4 f6 43. b4 Kf7 44. Rd6 Ra7 45. Rb6 cxb4 46. cxb4 a5
47. bxa5 Rxa5 48. Rb7+ Kf8 49. Nh4 Bf7 50. Ng4 Bg7 51. Rb8+ Ke7 52. f5 g5 53.
Rb7+ Kf8 54. Ng6+ Kg8 55. Rb8+ Kh7 56. N6xe5 fxe5 57. f6 Bh8 58. Rb7 Kg6 59.
Rb8 Kh7 60. Rb7 Kg6 61. Rb8 Be6 62. Nxe5+ Rxe5 63. Rxh8 Ra5 64. Re8 Kxf6 65.
Rf8+ Bf7 66. Kf3 Rxa3+ 67. Kg4 Ra4+ 68. Kf3 Kg6 69. Rb8 Ra3+ 70. Kf2 Rb3 71.
Rc8 Rb2+ 72. Ke3 Rg2 73. Rc6+ Kf5 74. Rc7 Be6 75. Rc5+ Kg4 76. Re5 Rxg3+ 77.
Kf2 Rf3+ 78. Kg2 Rf6 0-1

[Event "CAMPEONATO SUBZONAL 2.3.5"]
[Site "Duran"]
[Date "2012.03.09"]
[Round "7.11"]
[White "Moncada Russo, Bryan"]
[Black "Mazara, Adan"]
[Result "1/2-1/2"]
[WhiteElo "1905"]
[BlackElo "2289"]
[PlyCount "59"]
[EventDate "2012.03.05"]

1. e4 c5 2. Nf3 a6 3. c4 Nc6 4. d4 cxd4 5. Nxd4 e6 6. Be2 Nge7 7. O-O Nxd4 8.
Qxd4 Nc6 9. Qc3 e5 10. Be3 b6 11. c5 bxc5 12. Bxc5 Bxc5 13. Qxc5 Qe7 14. Qxe7+
Nxe7 15. Nc3 Nc6 16. Rfd1 Nd4 17. Bc4 Bb7 18. Bd5 Bc6 19. b4 Rb8 20. Rab1 Ke7
21. Rb2 Rhc8 22. Bxc6 dxc6 23. Rdb1 Rd8 24. h3 Ne6 25. Ne2 Rd3 26. Rc1 Rb6 27.
Rc3 Rd1+ 28. Kh2 Re1 29. Rc1 Rxc1 30. Nxc1 1/2-1/2

[Event "CAMPEONATO SUBZONAL 2.3.5"]
[Site "Duran"]
[Date "2012.03.09"]
[Round "7.12"]
[White "Bassan, Remo"]
[Black "Reinozo Trelles, Eduardo"]
[Result "1-0"]
[WhiteElo "2279"]
[BlackElo "1920"]
[PlyCount "81"]
[EventDate "2012.03.05"]

1. e4 c5 2. Nc3 Nc6 3. g3 g6 4. Bg2 Bg7 5. d3 e6 6. Be3 d6 7. Qd2 Rb8 8. Nge2
Nge7 9. Bh6 O-O 10. h4 Bxh6 11. Qxh6 f6 12. Qd2 e5 13. O-O b5 14. Nd5 Nxd5 15.
exd5 Na5 16. b3 c4 17. b4 cxd3 18. cxd3 Nb7 19. Nc3 Qb6 20. Kh2 f5 21. f4 exf4
22. Qxf4 Bd7 23. Ne2 Rbe8 24. Nd4 Nd8 25. Rae1 Nf7 26. Ne6 Ne5 27. Nxf8 Rxf8
28. d4 Nd3 29. Qg5 Nxe1 30. Rxe1 Qxd4 31. Re7 Be8 32. Qf4 Qb6 33. Re6 Bf7 34.
Rxd6 Qb7 35. h5 Re8 36. Rc6 Re2 37. Qd4 Qd7 38. Rc5 f4 39. h6 fxg3+ 40. Kxg3
Be8 41. d6 1-0

[Event "CAMPEONATO SUBZONAL 2.3.5"]
[Site "Duran"]
[Date "2012.03.09"]
[Round "7.13"]
[White "Olvera Urena, Yasser"]
[Black "Meza Ponce, Jeison"]
[Result "0-1"]
[WhiteElo "1865"]
[BlackElo "2232"]
[PlyCount "84"]
[EventDate "2012.03.05"]

1. f4 g6 2. Nf3 Bg7 3. g3 c5 4. Bg2 Nc6 5. O-O e6 6. e4 Nge7 7. c3 O-O 8. Na3
h5 9. Nc2 d5 10. d3 b6 11. Rb1 Ba6 12. e5 Rb8 13. Re1 c4 14. d4 b5 15. a3 Nf5
16. g4 hxg4 17. Ng5 g3 18. h3 Bh6 19. Ne3 Nxe3 20. Bxe3 Ne7 21. Qg4 Bxg5 22.
fxg5 Nf5 23. Bf4 Kg7 24. Bxg3 Rh8 25. Kf2 Bc8 26. h4 a5 27. Rh1 Rh5 28. Qf4 b4
29. Bf3 Rh8 30. Qc1 Qb6 31. Qc2 Bd7 32. Bg4 Nxd4 33. cxd4 Qxd4+ 34. Kf3 bxa3
35. bxa3 Rb3+ 36. Rxb3 cxb3 37. Qe2 Rc8 38. Bf2 Rc3+ 39. Kg2 Qf4 40. Rh3 Rc2
41. Qf3 Qxf3+ 42. Bxf3 b2 0-1

[Event "CAMPEONATO SUBZONAL 2.3.5"]
[Site "Duran"]
[Date "2012.03.09"]
[Round "7.14"]
[White "Meza Ponce, Jerry"]
[Black "Del Castilho, Martyn"]
[Result "0-1"]
[WhiteElo "1986"]
[BlackElo "2218"]
[PlyCount "82"]
[EventDate "2012.03.05"]

1. e4 e5 2. Nf3 Nc6 3. Bb5 a6 4. Bxc6 dxc6 5. d3 Bd6 6. Nbd2 Ne7 7. Nc4 Ng6 8.
Bd2 Qe7 9. Ne3 Qf6 10. Bc3 c5 11. a4 b6 12. Qd2 Bd7 13. b4 Nf4 14. bxc5 bxc5
15. Ng1 Qg6 16. g3 Ne6 17. Ne2 Nd4 18. Bxd4 cxd4 19. Nc4 O-O 20. f4 f6 21. O-O
Rfb8 22. Nxd6 cxd6 23. f5 Qe8 24. c3 Bxa4 25. cxd4 Bb5 26. dxe5 dxe5 27. Nc3
Qd7 28. Nd5 Bc6 29. Ra5 Rb5 30. Qa2 Bxd5 31. exd5 Rxa5 32. Qxa5 Rd8 33. Qxa6
Qxd5 34. Qc4 h5 35. Rb1 Kh7 36. Qxd5 Rxd5 37. Rb3 Kh6 38. h4 g6 39. fxg6 Kxg6
40. Kf2 Kf5 41. Kf3 Rc5 0-1

[Event "CAMPEONATO SUBZONAL 2.3.5"]
[Site "Duran"]
[Date "2012.03.09"]
[Round "7.15"]
[White "Perdomo Araujo, Angel Edua"]
[Black "Palacios Zambrano, Victor"]
[Result "0-1"]
[WhiteElo "1913"]
[BlackElo "2074"]
[PlyCount "60"]
[EventDate "2012.03.05"]

1. e4 d5 2. exd5 Nf6 3. d4 Nxd5 4. c4 Nb6 5. Nc3 g6 6. Be3 Bg7 7. Nf3 O-O 8.
Be2 Nc6 9. O-O Bg4 10. d5 Bxf3 11. Bxf3 Ne5 12. Bxb6 axb6 13. Be2 f5 14. f4 Nf7
15. Qd2 e5 16. fxe5 Bxe5 17. g3 c5 18. Bf3 Nd6 19. Qd3 Qf6 20. Rfc1 Rfe8 21.
Re1 Re7 22. Re2 Bd4+ 23. Kh1 Rxe2 24. Nxe2 Bxb2 25. Rb1 Ra3 26. Qc2 Rxf3 27.
Rxb2 Ne4 28. Qb1 Qe5 29. Ng1 Ra3 30. Rxb6 Nd2 0-1